[Event "CRI-chT"]
[Site "San Jose"]
[Date "2024.04.28"]
[Round "1.1"]
[White "Rodriguez Campos, Jonathan"]
[Black "Cabezas Solano, David Alejandro"]
[Result "0-1"]
[WhiteElo "1816"]
[BlackElo "2217"]
[PlyCount "40"]
[EventDate "2024.04.28"]
[EventType "team-swiss"]
[EventRounds "7"]
[EventCountry "CRI"]
[SourceTitle "EXT 2025"]
[Source "ChessBase"]
[SourceDate "2024.10.14"]
[SourceVersion "1"]
[SourceVersionDate "2024.10.14"]
[SourceQuality "1"]
[WhiteTeam "Academia Vandola Kaffa"]
[BlackTeam "Costa Rica Univ"]
[WhiteTeamCountry "CRI"]
[BlackTeamCountry "CRI"]

1. e4 c5 2. Nc3 Nc6 3. f4 g6 4. Nf3 Bg7 5. Bc4 e6 6. f5 gxf5 7. d3 Nge7 8. a4 d5 9. Ba2 dxe4 10. dxe4 Qxd1+ 11. Kxd1 b6 12. Re1 Bb7 13. Bg5 0-0 14. Re3 fxe4 15. Nxe4 Nf5 16. Rd3 Nb4 17. Nf6+ Kh8 18. Ne5 Nxd3 19. cxd3 h6 20. Bxe6 hxg5 0-1